Legado sagrado : (Record no. 1955)

000 -CABECERA
fixed length control field 01109nam a22002657a 4500
003 - IDENTIFICADOR DEL NÚMERO DE CONTROL
control field AR-CdUCM
008 - DATOS DE LONGITUD FIJA--INFORMACIÓN GENERAL
fixed length control field 190228b ||||| |||| 00| 0 spa d
040 ## - FUENTE DE LA CATALOGACIÓN
Agencia/entidad que catalogó originalmente la obra MUNICIPALIDAD PROVINCIAL DEL CUSCO
Entidad que transcribió la catalogación BIBLIOTECA MUNICIPAL DEL CUSCO
082 ## - NÚMERO DE LA CLASIFICACIÓN DECIMAL DEWEY
No. de Clasificación 973 /
Notacion interna C97
100 ## - ENTRADA PRINCIPAL--NOMBRE DE PERSONA
Nombre Personal Curtis, Edward S. (fotógrafo)
245 ## - MENCIÓN DE TÍTULO
Título Legado sagrado :
Resto del título Edward S. Curtis y los indios de Norteamerica /
260 ## - PUBLICACIÓN, DISTRIBUCIÓN, ETC.
Lugar de publicación, distribución, etc. Italia :
Nombre de la editorial, distribuidor, etc. Verve ediciones,
Fecha de publicación, distribución, etc. 2005.
300 ## - DESCRIPCIÓN FÍSICA
Nº de Páginas Extensión 192 páginas ;
Otros detalles físicos Fotografias,
Dimensiones 34 cm.
505 ## - NOTA DE CONTENIDO CON FORMATO
Nota de contenido formateada Contenido : Un legado personal -- Lasgrandes planicies -- Vida espiritual -- California -- Ceremonia -- El suroeste -- Las artes -- La meseta y las tierras boscosas -- Vida cotidiana -- La costa noroeste y Alaska.
650 ## - PUNTO DE ACCESO ADICIONAL DE MATERIA--TÉRMINO DE MATERIA
Descriptor Historia Norteamericana
9 (RLIN) 7149
650 ## - PUNTO DE ACCESO ADICIONAL DE MATERIA--TÉRMINO DE MATERIA
Descriptor Indios de Norteamerica
9 (RLIN) 7150
650 ## - PUNTO DE ACCESO ADICIONAL DE MATERIA--TÉRMINO DE MATERIA
Descriptor Fotografias-historia
9 (RLIN) 7151
700 ## - PUNTO DE ACCESO ADICIONAL--NOMBRE DE PERSONA
Nombre Personal Cardozo, Christopher (editor)
9 (RLIN) 7152
700 ## - PUNTO DE ACCESO ADICIONAL--NOMBRE DE PERSONA
Nombre Personal Serrano, Pedro (traductor)
9 (RLIN) 7153
700 ## - PUNTO DE ACCESO ADICIONAL--NOMBRE DE PERSONA
Nombre Personal Horse Capture, Joseph D.
9 (RLIN) 7154
942 ## - ELEMENTOS DE PUNTO DE ACCESO ADICIONAL (KOHA)
Fuente de clasificación
Tipo de item Libros-BMC
945 ## - PROCESAMIENTO DE INFORMACIÓN LOCAL (OCLC)
Catalogador zta
Holdings
Estado de retiro (separado) Fuente de clasificación o esquema de estanterías Estado dañado Ubicación Sala donde se ubica Nombre de la colección Fecha de adquisición o compra Costo, precio normal en soles Signatura topográfica Código de Barras Última vez visto (Koha) Tipo de ítem (Koha)
No     Sala Humanidades Sala Humanidades Book Cart 2019-02-28 432.00 973 / C97 SH0000002424 2019-02-28 Libros-BMC

Powered by Koha